Nemcsics mení pravidlá licenčnej hry

Bibliographic Details
Main Author: Gryga, Jozef (Author)
Format: Article
Language:Slovak
ISSN:1335-440X
Subjects:

MARC

LEADER 00000nab a2200000 a 4500
001 vtls000822852
003 SK-MaSNL
005 20260304175716.0
008 180205c2003 xo 0 slo
015 |a SNBRB2003/01-02222 
035 |a CLN000174507 
040 |a SNKBUCL  |b slo  |c SNKBUCL  |e AACR2 
041 0 |a slo 
044 |a xo  |c SK 
080 |a 354.81(437.6):347.77.043  |2 UDC-MRF-SK2 
080 |a 347.77.043  |2 UDC-MRF-SK2 
100 1 |a Gryga, Jozef  |4 aut  |9 861774 
245 1 0 |a Nemcsics mení pravidlá licenčnej hry  |c Jozef Gryga 
610 1 7 |a Slovensko.  |b Ministerstvo hospodárstva  |2 snkbucl  |9 14439 
655 7 |a články z novín a časopisov  |2 snkbucl  |9 267496 
773 0 |x 1335-440X  |t Sme  |g Roč. 11, č. 6 (9.1.2003), s. 6 
850 |a Slovenská národná knižnica v Martine 
852 |a SNK  |b KIS3GCP 
958 |a RBX 
999 |c 3014841  |d 3016771